[Event "FRA-ch U14 Girls"]
[Site "Montlucon"]
[Date "2011.04.19"]
[Round "4"]
[White "Baldi, Valentine"]
[Black "Vianey, Marie"]
[Result "1-0"]
[WhiteElo "1589"]
[BlackElo "1370"]
[PlyCount "63"]
[EventDate "2011.04.17"]
[EventType "swiss"]
[EventRounds "9"]
[EventCountry "FRA"]
[SourceTitle "CBM 142 Extra"]
[Source "ChessBase"]
[SourceDate "2011.06.27"]
[SourceVersion "1"]
[SourceVersionDate "2011.06.27"]
[SourceQuality "1"]

1. d4 d6 2. c4 Nd7 3. Nc3 e5 4. Nf3 c6 5. e4 Ngf6 6. Bd3 Be7 7. 0-0 0-0 8. h3 Qc7 9. Be3 Re8 10. Qc2 h6 11. Rfd1 Nf8 12. Be2 Ng6 13. Rac1 Nh5 14. Nxe5 dxe5 15. Bxh5 Bf6 16. Bxg6 fxg6 17. d5 Be7 18. c5 cxd5 19. Nxd5 Qc6 20. Nxe7+ Rxe7 21. Rd8+ Re8 22. Rcd1 Bd7 23. R8xd7 b6 24. R1d6 Qb5 25. c6 Rac8 26. Rxg6 Kh8 27. Rgxg7 Qxc6 28. Rh7+ Kg8 29. Rdg7+ Kf8 30. Qb3 Qe6 31. Qb4+ Re7 32. Rxe7 1-0

[Event "FRA-ch U12 Girls"]
[Site "Le Grand Bornand"]
[Date "2007.04.??"]
[Round "8"]
[White "Nourani, Maral"]
[Black "Vianey, Marie"]
[Result "0-1"]
[WhiteElo "1310"]
[BlackElo "1120"]
[PlyCount "80"]
[EventDate "2007.04.07"]
[EventType "swiss"]
[EventRounds "9"]
[EventCountry "FRA"]
[SourceTitle "CBM 118 Extra"]
[Source "ChessBase"]
[SourceDate "2007.07.04"]
[SourceVersion "1"]
[SourceVersionDate "2007.07.04"]
[SourceQuality "1"]

1. e4 e5 2. Nf3 Nc6 3. c3 Nf6 4. d4 Qe7 5. d5 Nd8 6. Qc2 c6 7. c4 Qb4+ 8. Nc3 Bc5 9. a3 Qb6 10. Nxe5 d6 11. b4 Bd4 12. Na4 Qc7 13. Bb2 Bxe5 14. Bxe5 dxe5 15. Bd3 Bg4 16. h3 Bh5 17. 0-0 Rc8 18. Nc3 Qe7 19. f4 0-0 20. fxe5 Qxe5 21. Rae1 Re8 22. Rf5 Qg3 23. e5 Qxe1+ 24. Rf1 Qe3+ 25. Kh1 Rxe5 26. Bf5 Rc7 27. d6 Rd7 28. Bxd7 Nxd7 29. Ne4 Rxe4 30. g4 Qxh3+ 31. Kg1 Re3 32. Qf2 Rg3+ 33. Qxg3 Qxg3+ 34. Kh1 c5 35. g5 Bf3+ 36. Rxf3 Qxf3+ 37. Kg1 Ne5 38. b5 Ng4 39. a4 Qf2+ 40. Kh1 Qh2# 0-1